[Event "Yingmei Cup CHN-chT 2017"]
[Site "?"]
[Date "2017.05.23"]
[Round "5"]
[White "Gordievsky, Dmitry"]
[Black "Liu, Qingnan"]
[Result "1-0"]
[WhiteElo "2611"]
[BlackElo "2502"]
[Annotator "TA"]
[PlyCount "63"]
[EventDate "2017.??.??"]
[SourceTitle "Jinhua-Lanxi"]

1. Nf3 c5 2. c4 Nf6 3. Nc3 d5 4. cxd5 Nxd5 5. d4 e6 6. e3 Nc6 7. Bd3 Be7 8. O-O
O-O 9. a3 cxd4 10. exd4 Bf6 11. Be4 Nce7 12. Qd3 g6 13. Bh6 {LiveBook: 15 Games
} Re8 {[%emt 0:00:07] D42: Queen's Gambit Declined: Semi-Tarrasch: 5 cxd5 Nxd5
6 e3 Nc6 Bd3} (13... Bg7 14. Bxg7 {1/2-1/2 (14) Yevseev,D (2530) -Brodsky,M 
(2522) Peterhof 2010}) 14. Rfe1 b6 15. h4 $146 ({Predecessor:} 15. Ne5 Bb7 16.
Qh3 Nf5 17. Bxf5 exf5 18. Rad1 Rc8 19. Bd2 Nxc3 20. Bxc3 {0-1 (36) Piarnpuu,L 
(2120)-Khadilkar,R (2115) Tallinn 1986}) 15... Bb7 {The position is equal.} 16.
Bg5 {[#] Hoping for Bxf6.} Bxg5 (16... Rb8 $11) 17. hxg5 $14 Nf5 18. Qd2 Nd6 (
18... Rb8 $14) 19. Bxd5 $1 $16 exd5 20. Qf4 Rxe1+ (20... Rf8 $14) 21. Rxe1 Nc4
(21... Qd7 $16 {was necessary.} 22. Nh2 Re8 23. Rxe8+ Nxe8) 22. Ne5 (22. Nh2
$18) 22... Nxe5 23. Rxe5 Qd7 24. Nd1 {[#] Strongly threatening Ne3.} Re8 (24...
Rf8 $16 {might work better.} 25. f3 Qd6) 25. Ne3 $18 {aiming for Ng4.} Rxe5 26.
Qxe5 Bc6 27. f3 (27. b4 $18) 27... h5 $2 (27... Qe6 $16) 28. gxh6 f5 29. g4 Kh7
30. g5 Bb7 31. Kh2 Bc8 32. Nxd5 {Precision: White = 48%, Black = 22%.} 1-0

[Event "Yingmei Cup CHN-chT 2017"]
[Site "?"]
[Date "2017.05.23"]
[Round "5"]
[White "Dzagnidze, Nana"]
[Black "Zhang, Lanlin"]
[Result "1-0"]
[WhiteElo "2545"]
[BlackElo "2080"]
[Annotator "TA"]
[PlyCount "75"]
[EventDate "2017.??.??"]
[SourceTitle "Jinhua-Lanxi"]

1. Nf3 Nf6 2. c4 c6 3. b3 d5 4. Bb2 e6 5. g3 Nbd7 6. Bg2 Bd6 7. Nc3 O-O 8. O-O
e5 9. cxd5 cxd5 10. d3 a6 {A13: English Opening: 1...e6} 11. e3 b5 12. Nh4 Nb6
{The position is equal.} 13. a4 $146 (13. Rc1 $11) ({Predecessor:} 13. e4 g5
14. Nf5 Bxf5 15. exf5 b4 16. Ne2 Qd7 17. f4 Ng4 18. fxe5 Nxe5 {1-0 (38) Rogac,
S (2400)-Damia,A (2242) Novi Sad 2016}) 13... b4 14. Ne2 a5 15. f4 Re8 16. fxe5
Bxe5 17. Nd4 $36 {White has the initiative.} Bg4 18. Qd2 Qd7 19. Rf2 Bh5 {[#]}
(19... Rac8 $11) 20. Raf1 $1 $16 Rac8 {[#]} 21. Nhf3 (21. Nhf5 $1 $16) 21...
Bxf3 $11 22. Rxf3 Na8 (22... Qg4 $11) 23. Rf5 Nc7 $2 (23... Nb6 $16) 24. Bh3
$18 {And now Rh5! would win.} Qd6 $2 {[#]} (24... Rcd8 25. Kg2 Qd6) 25. Rxe5 $1
{White is clearly winning.} Qxe5 26. Bxc8 Rxc8 27. Nf5 Qe8 28. Nd6 Qd7 29. Nxc8
Qxc8 30. Bxf6 gxf6 {Endgame KQR-KQN} 31. Qc2 Qd8 32. Qc6 Kg7 33. Qb6 Qe7 34.
Kg2 Ne6 35. Qxa5 Qd6 36. Qb5 Qe5 37. Qxb4 Qxe3 38. Qg4+ {Precision: White =
54%, Black = 20%.} 1-0

[Event "Yingmei Cup CHN-chT 2017"]
[Site "?"]
[Date "2017.05.23"]
[Round "5"]
[White "Yu, Ruiyuan"]
[Black "Yu, Yangyi"]
[Result "0-1"]
[WhiteElo "2526"]
[BlackElo "2750"]
[Annotator "TA"]
[PlyCount "66"]
[EventDate "2017.??.??"]
[SourceTitle "Jinhua-Lanxi"]

1. e4 c5 2. Nf3 Nc6 3. d4 cxd4 4. Nxd4 Nf6 5. Nc3 e5 6. Ndb5 d6 7. Bg5 a6 8.
Na3 b5 9. Nd5 Be7 10. Bxf6 Bxf6 11. c3 Bg5 12. Nc2 Rb8 13. a4 bxa4 14. Ncb4
Nxb4 15. Nxb4 Bd7 {B33: Sicilian: Pelikan and Sveshnikov Variations} 16. Bxa6 {
LiveBook: 116 Games} Qa5 {...Rxb4 is the strong threat.} 17. Qxd6 Rb6 {The
position is equal.} 18. Qd3 {next 0-0 is good for White.} Be7 19. Rd1 (19. Nd5
$1 $14 Rxb2 20. O-O-O (20. Nxe7 Kxe7 21. O-O Rd8 $17)) (19. Nd5 Rxb2 20. O-O
Qc5 21. c4 Rb3 22. Qe2 Bd6 23. Bb5 Bxb5 24. cxb5 Qxb5 {1/2-1/2 (34) Dominguez
Perez,L (2734)-Grischuk,A (2780) Khanty-Mansiysk 2015}) 19... Bg4 20. Rd2 $146
(20. Nd5 {seems wilder.} Rxb2 21. Rd2 Rxd2 22. Kxd2 Bg5+ 23. f4) ({Predecessor:
} 20. Nc6 Rxc6 21. Bb5 O-O 22. Bxc6 Bxd1 23. Qxd1 {0-1 (30) Vocaturo,D (2303)
-Ronchetti,N (2364) Frascati 2005}) 20... Rxb4 21. cxb4 Bxb4 22. f3 ({White
should try} 22. h3 $1 $15) 22... Bxd2+ $19 23. Qxd2 Qxa6 24. fxg4 {Endgame
KQR-KQR} O-O 25. Kf2 (25. Rf1 $17) 25... Qb6+ 26. Kg3 Rd8 $1 27. Qc3 {[#]} Qa6
$1 28. Qc7 $2 (28. Qc1 {only move.}) 28... Rd3+ 29. Kf2 {Intending Qb8+ and
mate.} Rd2+ ({Not} 29... Qf6+ 30. Ke2 $19) 30. Kg3 {[#] White threatens Qb8+
and mate.} h6 $1 {( -> ...Qd3+)} 31. Re1 $2 (31. h3 $19 Qd3+ 32. Kh2 Qxe4 33.
Qb8+ Kh7 34. Rg1) 31... Qd3+ {Black mates.} 32. Kh4 g5+ 33. Kh5 Qa6 {Precision:
White = 27%, Black = 77%.} 0-1

[Event "Yingmei Cup CHN-chT 2017"]
[Site "?"]
[Date "2017.05.23"]
[Round "5"]
[White "Tan, Zhongyi"]
[Black "Ren, Xiaoyi"]
[Result "1-0"]
[WhiteElo "2508"]
[BlackElo "2262"]
[Annotator "TA"]
[PlyCount "136"]
[EventDate "2017.??.??"]
[SourceTitle "Jinhua-Lanxi"]

1. d4 d5 2. c4 c6 3. Nf3 Nf6 4. Nbd2 Bf5 5. Nh4 Bg4 (5... Be4 $5) (5... Be6 6.
e3 g6 7. b3 Bg7 8. Bb2 O-O 9. Rc1 Ne4 10. Bd3 Nxd2 11. Qxd2 Nd7 12. cxd5 cxd5 {
1/2-1/2 (87) Mamedyarov,S (2756)-Gelfand,B (2747) Jurmala 2015}) 6. h3 {
D11: Slav Defence: 3 Nf3 sidelines and 3...Nf6 4 e3 Bg4} Be6 7. e3 dxc4 $146 ({
Predecessor:} 7... g6 8. Bd3 Bg7 9. Nhf3 O-O 10. O-O dxc4 11. Nxc4 Nbd7 12. b4
Nb6 {1-0 (38) Lambert,R (2074)-Lambert,T (1675) Sautron 2014}) 8. Nxc4 {
White is slightly better.} g6 (8... c5 $5) 9. Bd3 Bg7 10. O-O (10. b4 {is more
complex.} Nd5 11. Qd2 a5 12. bxa5 c5 13. Nf3) 10... O-O (10... c5 $5) 11. b4
Bxc4 12. Bxc4 Nd5 13. Nf3 b5 14. Bxd5 cxd5 15. Bd2 Nd7 16. Qe2 Qb6 17. a4 a6
18. axb5 axb5 19. Ra5 Rab8 20. Rc1 e6 21. Qd3 Qb7 22. Rca1 Qc6 23. Rc1 (23. Qe2
$11) 23... Qb7 $14 24. h4 ({White should play} 24. Be1 $14) 24... Bf6 25. g3 (
25. h5 $5) 25... Kg7 26. Ng5 Rfc8 27. Rxc8 Qxc8 28. e4 Qc4 (28... h6 $11 {
remains equal.} 29. Nf3 dxe4 30. Qxe4 Qb7) 29. Qxc4 $16 dxc4 30. Ra7 Bxg5 31.
hxg5 {Endgame KRB-KRN} Nb6 32. Bf4 (32. Kf1 $16) 32... Rc8 $1 $11 33. Rb7 Na4
34. d5 exd5 $1 35. exd5 c3 $1 {Black wants to play ...c2.} 36. d6 c2 $1 37. Rc7
Rxc7 38. dxc7 {KB-KN} Nb6 39. Kf1 Kf8 40. Ke2 Ke7 41. Kd2 Kd7 42. Kxc2 Nd5 43.
Bd6 Nb6 $1 44. Bc5 Nd5 45. Kd3 (45. c8=B+ {is interesting.} Kxc8 46. Kd3 Kd7
47. Kd4 Ke6 48. Bf8) 45... Nxc7 46. Ke4 Ke6 47. Bf8 Na6 48. f4 Nb8 49. g4 f5+
50. gxf6 Kxf6 51. Bd6 Na6 $1 52. Be5+ Ke6 53. Bc3 h5 54. gxh5 gxh5 55. f5+ Kf7
56. Kf4 {Threatens to win with Kg5.} Nc7 $1 57. Kg5 Nd5 58. Bd2 Nf6 59. Be1 Ke7
$2 {[#]} ({Better is} 59... Nd5 $11) 60. Kg6 $1 $16 Nd5 61. Bg3 ({Not} 61. Kxh5
Kf6 $11) (61. Bh4+ $16 Ke8 62. Bg5 (62. Kxh5 Nxb4 63. Kg4 Nd5 $11)) 61... Nb6
$2 (61... Kd7 $1 $11) 62. Bh4+ $2 (62. Bf2 Nc4 63. Bh4+ Kd7 64. Kxh5) 62... Kd6
$2 (62... Ke8 $18 63. Bg3 (63. Kxh5 Kf7 $16) 63... Kd7 64. Kxh5 Nd5) 63. Kxh5 {
White mates.} Nd7 64. Kg6 Ke5 65. Bg3+ Kd5 66. Kf7 Ke4 67. Ke6 Nf8+ 68. Ke7 Kd5
{Precision: White = 54%, Black = 63%.} 1-0

[Event "Yingmei Cup CHN-chT 2017"]
[Site "?"]
[Date "2017.05.23"]
[Round "5"]
[White "Xu, Xiangyu"]
[Black "Wang, Chen"]
[Result "1/2-1/2"]
[WhiteElo "2503"]
[BlackElo "2505"]
[Annotator "TA"]
[PlyCount "80"]
[EventDate "2017.??.??"]
[SourceTitle "Jinhua-Lanxi"]

1. Nf3 d5 2. d4 Nf6 3. c4 e6 4. Nc3 Nbd7 5. Bg5 c6 6. e3 Be7 7. Bd3 O-O 8. O-O
h6 9. Bh4 b6 10. cxd5 {LiveBook: 7 Games. D60: Queen's Gambit Declined:
Classical: Unusual White 7th moves} (10. Qe2 Bb7 11. Rfd1 Ne4 12. Bg3 Nxc3 13.
bxc3 Nf6 14. Ne5 Nd7 15. Rab1 Nxe5 16. Bxe5 Bd6 17. Bxd6 Qxd6 {1-0 (29)
Gelfand,B (2741) -Grachev,B (2654) Moscow 2010}) 10... Nxd5 11. Nxd5 exd5 12.
Bg3 {White is slightly better.} Bb7 13. Rc1 $146 ({Predecessor:} 13. Qe2 Nf6
14. Rac1 Nh5 15. Be5 Nf6 16. h3 Rc8 17. Ba6 Qd7 {0-1 (60) Nussbaumer,P (1736)
-Sirp,K Budva 2013}) 13... c5 14. b3 a6 15. Qe2 Re8 16. Rfd1 Bf8 17. Bf5 g6 18.
Bxd7 Qxd7 19. dxc5 bxc5 20. b4 $1 Rac8 21. bxc5 Bxc5 22. Qb2 Bf8 23. Rxc8 Rxc8
24. h3 Ba8 25. Qd4 Qe6 26. Be5 (26. Rb1 {is more complex.} Bc5 27. Qd2 Bc6 28.
Nd4 Qe4 29. Rc1) 26... Qf5 27. Qg4 Qxg4 28. hxg4 Bc6 29. Rb1 Bd7 30. g5 hxg5
31. Nxg5 Bb5 32. Nf3 Be7 33. Nd4 f6 34. Bf4 Rc5 35. g4 Kf7 36. Kg2 Rc4 37. Rh1
Kg8 38. Rh6 ({White should play} 38. Nxb5 $11 axb5 39. Rd1) 38... Be8 39. Rh1
Bc5 40. Nb3 d4 {Precision: White = 59%, Black = 58%.} (40... g5 $5 41. Nxc5
gxf4 $15) 1/2-1/2

[Event "Yingmei Cup CHN-chT 2017"]
[Site "?"]
[Date "2017.05.23"]
[Round "5"]
[White "Zhao, Xue"]
[Black "Guo, Qi"]
[Result "1/2-1/2"]
[WhiteElo "2499"]
[BlackElo "2413"]
[Annotator "TA"]
[PlyCount "90"]
[EventDate "2017.??.??"]
[SourceTitle "Jinhua-Lanxi"]

1. d4 Nf6 2. c4 e6 3. g3 d5 4. Nf3 Bb4+ 5. Bd2 Be7 6. Bg2 O-O 7. O-O c6 8. Qc2
b6 9. Ne5 Bb7 10. Bf4 Nbd7 11. cxd5 cxd5 12. Nc6 Bxc6 13. Qxc6 {LiveBook: 5
Games} Rc8 {E06: Closed Catalan: Early deviations} (13... Qc8 14. Rc1 Qxc6 15.
Rxc6 Rfc8 16. Rxc8+ Rxc8 17. Nc3 Bb4 18. Bd2 Bxc3 19. Bxc3 Ne4 20. Rc1 Nxc3 21.
Rxc3 Rxc3 22. bxc3 {1/2-1/2 (40) Kunte,A (2483)-Koneru,H (2589) Pune 2015}) 14.
Qa4 Rc4 15. Qd1 Qc8 $146 {The position is equal.} ({Predecessor:} 15... b5 16.
e3 a6 17. Nd2 Rc8 18. g4 h6 19. Bf3 Nh7 20. a4 Ng5 21. Bg2 {1/2-1/2 (42)
Bergemann,M (1900)-Blanke,M (1722) Germany 2006}) 16. Nc3 Qb7 17. Qd3 {[#]
Qxc4! is the strong threat.} Rcc8 18. Rfc1 a6 19. Rc2 b5 20. Rac1 Nb6 21. f3
Rc4 22. b3 Rcc8 23. Nd1 {[#] Black must now prevent Rc7.} Rxc2 24. Rxc2 {
Hoping for Rc7.} Rc8 25. e4 Rxc2 26. Qxc2 Qd7 27. Qc7 Bd8 28. Qxd7 Nbxd7 29. e5
Ne8 30. Kf2 Bb6 31. Ke3 Nb8 $1 32. Nc3 Nc6 33. Ne2 Nb4 34. a4 Nc2+ 35. Kd2 Nxd4
36. Nxd4 Bxd4 $15 {Endgame KBB-KBN} 37. Bf1 Nc7 38. g4 Kf8 39. h4 h6 40. h5 Ke7
41. Bd3 Kd7 42. Bg3 Kc6 43. Bh7 Kd7 44. Bd3 Ba1 45. Kc2 Bd4 {Precision: White
= 72%, Black = 55%.} 1/2-1/2

[Event "Yingmei Cup CHN-chT 2017"]
[Site "?"]
[Date "2017.05.23"]
[Round "5"]
[White "Wan, Yunguo"]
[Black "Zhou, Jianchao"]
[Result "1/2-1/2"]
[WhiteElo "2492"]
[BlackElo "2613"]
[Annotator "TA"]
[PlyCount "145"]
[EventDate "2017.??.??"]
[SourceTitle "Jinhua-Lanxi"]

1. e4 c5 2. Nf3 d6 3. d4 cxd4 4. Nxd4 Nf6 5. Nc3 a6 6. Be2 e6 7. a4 Nc6 8. O-O
Be7 9. Be3 O-O 10. f4 Qc7 11. Kh1 Re8 12. Bf3 Rb8 13. Qe2 e5 {B85: Sicilian
Scheveningen: 6 Be2 a6, lines with early Be3} (13... Nxd4 14. Bxd4 e5 15. Ba7
Ra8 16. Be3 Be6 17. Rfd1 exf4 18. Bxf4 Nd7 19. Nd5 Bxd5 20. Rxd5 Ne5 21. Rad1
Bf8 22. c3 Re6 23. h3 Rae8 24. R5d4 g6 25. Bg4 Nxg4 26. Qxg4 Rxe4 27. Bxd6 Qxd6
{0-1 (27) Zelcic,R (2591)-Cvitan,O (2538) Stari Mikanovci 2008}) 14. Nxc6 bxc6
15. fxe5 dxe5 16. a5 $146 ({Predecessor:} 16. b3 a5 17. Nd1 Be6 18. Rb1 Red8
19. Nf2 Rb7 20. Nd3 Nd7 21. Bg4 {0-1 (63) Benda,H (2200) -Tratar,M (2420) St
Veit 1996}) 16... Rxb2 17. Bb6 Qb7 18. Na4 Rb5 19. Qe3 Bg4 20. c4 Rb4 21. Bxg4
Nxg4 22. Qe2 Nf6 23. Rfb1 Rxb1+ 24. Rxb1 h5 25. Rd1 Qc8 26. h3 $1 g6 27. Qd3 h4
28. Nc5 Bxc5 29. Bxc5 Kg7 30. Bf2 Rh8 31. Rb1 g5 32. Rb6 Nd7 33. Rb3 Rd8 $2 {
[#]} (33... Rh6 $11) 34. Qd6 $2 ({White must play} 34. Qd2 $1 $18 f6 35. Rd3)
34... Re8 $1 $36 {Black is pushing.} 35. Be3 Re6 36. Qd1 Rg6 37. Qc1 $2 (37.
Qg4 $11 Qc7 38. Qf5) 37... g4 $17 38. hxg4 (38. Bf2 {was called for.}) 38...
Nf6 $19 (38... Rxg4 39. Qb2 $19) 39. Bh6+ Kh7 (39... Rxh6 40. g5 $15) 40. g5
Nxe4 41. Rf3 f6 (41... Qc7 $19 {is more deadly.} 42. Qe3 Ng3+ 43. Kh2 e4) 42.
Qe1 $2 (42. Qe3 $17 Ng3+ 43. Kh2 fxg5 44. Bf8) 42... Qg4 43. Qe3 {intending
Qa7+.} Nxg5 44. Bxg5 Rxg5 {[#] Endgame KQR-KQR} ({Weaker is} 44... Qxg5 45.
Qxg5 fxg5 46. Rf5 $17) 45. Qf2 f5 46. Rh3 Kh6 47. Rd3 e4 ({Not} 47... Qxc4 48.
Rd6+ Rg6 49. Qxf5 $19) 48. Rd6+ Rg6 49. Rd8 {Hoping for Rh8+.} h3 $2 (49... Kh5
$19 50. Qf1 f4 51. Rh8+ Kg5) 50. Rh8+ $11 Kg5 $2 (50... Kg7 $11 51. Qd4+ Rf6
52. Rxh3 Qf4) 51. Qd2+ Kf6 52. Qd8+ $2 ({White should try} 52. Qd6+ $18 Kg5 53.
Qd8+ Kf4 54. Qd2+ Ke5 55. Re8+ Re6 56. Qb2+ Kf4 57. Rxe6) 52... Ke5 53. Re8+
Re6 54. Qb8+ Kd4 $2 (54... Kf6 $11 55. Qd8+ Ke5 56. Qb8+ Kf6 57. Qd8+ Ke5) 55.
Qb2+ $18 Kxc4 56. Rxe6 hxg2+ 57. Qxg2 Qd1+ 58. Kh2 Qd5 59. Qa2+ (59. Qb2 $142
Kd3 60. Qf6 Qa2+ 61. Kg3 f4+ 62. Kxf4 Qf2+ 63. Kg4 Qxf6 64. Rxf6) 59... Kb5 60.
Qb2+ Kc4 61. Re5 (61. Kg3 $142 Kd3 62. Re5) 61... Qd6 62. Kg2 $2 (62. Kg3 $18 {
Strongly threatening Kf4.} Kd3 63. Kf4 Qh6+ 64. Kxf5) 62... Qg6+ $2 (62... Qd1
$11) 63. Kf1 {Qa3 would kill now.} Qh6 64. Qc2+ Kd4 65. Qb2+ Kc4 {Threatens to
win with ...Qh1+.} 66. Qf2 $2 ({Only move:} 66. Qa2+ $18 Kd3 67. Qe2+ Kd4 68.
Qb2+ Kc4) 66... Qc1+ $11 {The position is equal.} 67. Kg2 {White threatens
Rc5+ and mate.} Qg5+ 68. Qg3 (68. Kh2 $5 Qh6+ 69. Kg3 (69. Kg2 Qg5+ 70. Kf1
Qc1+ 71. Kg2 Qg5+ $11) 69... Qg7+ 70. Kf4 Qh6+ 71. Kg3 Qg7+ 72. Kf4 Qh6+ 73.
Kg3 $11) 68... Qd2+ $1 69. Kh3 Qh6+ 70. Kg2 Qd2+ $1 71. Kg1 Qc1+ 72. Kh2 Qh6+
73. Kg2 {Precision: White = 52%, Black = 45%.} (73. Qh3 $5 Qf4+ 74. Qg3 Qd2+
75. Kg1 Qd1+ 76. Kh2 Qd2+ 77. Kh1 Qd1+ 78. Kh2 Qd2+ $11) 1/2-1/2

[Event "Yingmei Cup CHN-chT 2017"]
[Site "?"]
[Date "2017.05.23"]
[Round "5"]
[White "Li, Di"]
[Black "Zhou, Weiqi"]
[Result "1/2-1/2"]
[WhiteElo "2485"]
[BlackElo "2606"]
[Annotator "TA"]
[PlyCount "115"]
[EventDate "2017.??.??"]
[SourceTitle "Jinhua-Lanxi"]

1. d4 Nf6 2. c4 e6 3. Nf3 b6 4. a3 Bb7 5. Nc3 Ne4 6. Qc2 Nxc3 {E12: Queen's
Indian: Unusual White 4th moves, 4 a3, 4 Nc3 Bb7 5 a3 and 4 Nc3 Bb7} 7. Qxc3
Be7 8. g3 Bf6 {Black is slightly better.} (8... O-O 9. Bg2 d6 10. O-O Nd7 11.
b3 Nf6 12. Bb2 a5 13. d5 exd5 14. Nh4 d4 15. Qxd4 Bxg2 16. Nxg2 Ne8 17. Qd2 Bf6
18. Nf4 Bxb2 19. Qxb2 {1-0 (33) Svidler,P (2727)-Zvjaginsev,V (2660) Berlin
2015}) 9. Qd3 c5 $146 (9... d5 $15) ({Predecessor:} 9... d5 10. cxd5 exd5 11.
Bg2 O-O 12. O-O c5 13. Bf4 Nd7 14. Rad1 Re8 15. Rfe1 Qe7 {1/2-1/2 (15)
Donchenko,A (2391)-Romanishin, O (2534) Groningen 2010}) 10. d5 $1 $11 exd5 11.
cxd5 O-O 12. h4 c4 13. Qxc4 Na6 14. Ng5 Rc8 15. Qd3 g6 16. Ne4 Nc5 17. Nxc5 $1
bxc5 18. Bg2 c4 $36 {Black has some pressure.} 19. Qd1 c3 $1 20. bxc3 Bxc3+ 21.
Bd2 Qa5 22. Rh2 $2 ({White should play} 22. Bxc3 $15 Qxc3+ 23. Kf1) 22... Rfe8
$19 23. Bf3 $2 (23. e3 Qc5 24. Bxc3 Rxe3+ 25. Kf1 (25. fxe3 $2 Qxe3+ 26. Qe2
Qxc3+ 27. Qd2 Re8+ 28. Be4 Qxa1+ 29. Kf2 Rxe4 $19) 25... Rxc3 26. Bf3) 23... h5
$2 (23... Ba6 $19 {and Black stays clearly on top. Strongly threatening ...Rc5.
} 24. h5 g5) 24. Bxc3 $17 Qxc3+ 25. Kf1 Ba6 26. Kg2 {[#]} Bxe2 $1 27. Bxe2 Rxe2
28. Qxe2 Qxa1 {Endgame KQR-KQR} 29. Rh1 Qxa3 30. Qe5 d6 31. Qf6 (31. Qe7 $17 {
is a better defense.}) 31... Re8 (31... Qb4 $19 32. Rd1 a5) 32. Rd1 (32. Qd4 $1
$15) 32... a5 33. Rd4 (33. Rb1 $17 {was worth a try.}) 33... Qc3 34. Qf4 Kg7
35. Rc4 {[#]} Qd3 $1 36. Rd4 {[#]} Qc3 ({Black should try} 36... Qb5 $1 $19 {
Threatens to win with ...Re1.} 37. Qc1 Qc5 38. Qxc5 dxc5) 37. Rc4 $1 $15 Qe5
38. Qd2 Qa1 39. Rc6 Re1 40. Rxd6 Rg1+ (40... Qe5 $1 $15 41. Qf4 Kf8) 41. Kh2
$11 Rh1+ (41... Rd1 $5 42. Qe3 Rh1+ 43. Kg2 Rg1+ 44. Kh2 Rh1+ 45. Kg2 a4 $15)
42. Kg2 Rg1+ 43. Kh2 Rh1+ 44. Kg2 Rh3 45. Kf3 {The position is equal.} Qa3+ 46.
Kg2 Qa1 47. Kf3 Qa3+ 48. Kg2 {Qd4+ would kill now.} Qxd6 (48... Qa1 $5 49. Kf3
$8 $11) 49. Kxh3 {KQ-KQ} a4 50. Qd4+ Qf6 51. Qxa4 Qxf2 52. Qd1 Kf8 53. d6 {
d7 is the strong threat.} Qf5+ 54. Kh2 {aiming for d7.} Qf2+ 55. Kh3 {And now
d7 would win.} Qf5+ 56. Kh2 Qf2+ 57. Kh3 {Black must now prevent d7.} Qf5+ 58.
Kh2 {Precision: White = 56%, Black = 63%.} 1/2-1/2

[Event "Yingmei Cup CHN-chT 2017"]
[Site "?"]
[Date "2017.05.23"]
[Round "5"]
[White "Lin, Chen"]
[Black "Wang, Yiye"]
[Result "1/2-1/2"]
[WhiteElo "2475"]
[BlackElo "2425"]
[Annotator "TA"]
[PlyCount "49"]
[EventDate "2017.??.??"]
[SourceTitle "Jinhua-Lanxi"]

1. e4 e6 2. d4 d5 3. Nd2 Nf6 4. e5 Nfd7 5. Bd3 c5 6. c3 Nc6 7. Ne2 cxd4 8. cxd4
Qb6 9. Nf3 f6 10. exf6 Nxf6 11. O-O Bd6 12. b3 O-O 13. Bf4 Bxf4 14. Nxf4 Ne4
15. Ne2 {C06: French Tarrasch: 3...Nf6 4 e5 Nfd7 5 Bd3 main lines} Rxf3 (15...
Bd7 16. Ng3 Nxg3 17. hxg3 Rf6 18. Ne5 Be8 19. Nxc6 Bxc6 20. Rc1 Raf8 21. Qd2
Bb5 22. Bxb5 Qxb5 {1/2-1/2 (38) Kasparov,S (2478)-Dgebuadze,A (2487)
Brasschaat 2014}) 16. gxf3 Ng5 17. f4 {White is slightly better.} Nf3+ 18. Kg2
Nfxd4 19. Nxd4 (19. Rc1 $5 g6 20. h4 $14) 19... Qxd4 {The position is equal.}
20. Bxh7+ Kxh7 21. Qh5+ Kg8 $146 {[#] Hoping for ...Bd7.} 22. Qe8+ Kh7 23. Qh5+
Kg8 {And now ...Bd7 would win.} 24. Qe8+ Kh7 25. Qh5+ 1/2-1/2

[Event "Yingmei Cup CHN-chT 2017"]
[Site "?"]
[Date "2017.05.23"]
[Round "5"]
[White "Lei, Tingjie"]
[Black "Daulyte, Deimante"]
[Result "1-0"]
[WhiteElo "2471"]
[BlackElo "2416"]
[Annotator "TA"]
[PlyCount "103"]
[EventDate "2017.??.??"]
[SourceTitle "Jinhua-Lanxi"]

1. d4 Nf6 2. c4 e6 3. Nc3 Bb4 4. Qc2 d5 5. cxd5 exd5 6. Bg5 O-O 7. e3 h6 8. Bh4
{E35: Nimzo-Indian: Classical: 4...d5 5 cxd5 exd5} c5 9. dxc5 Nbd7 10. Nge2
$146 {White is slightly better.} ({Predecessor:} 10. Bd3 Qa5 11. Nge2 Bxc3+ 12.
Qxc3 Qxc3+ 13. Nxc3 Nxc5 14. Bc2 g5 15. Bg3 Be6 {1-0 (29) Kasparov,G (2775)
-Kortschnoj,V (2655) Tilburg 1989}) 10... Nxc5 11. a3 Bxc3+ $1 12. Nxc3 {
Black should prevent Bxf6.} Nce4 13. Nxe4 dxe4 14. Bc4 Qb6 15. O-O Re8 16. Rac1
Bf5 17. Qb3 Qxb3 18. Bxb3 Rac8 19. h3 (19. Bxf6 $5 gxf6 20. Bd5 $14) 19... Nd7
20. Bd5 $36 {White has good play.} Nc5 21. b4 Nd3 ({Black should try} 21... Re5
$1 $14) 22. Rxc8 $16 Rxc8 (22... Bxc8 $16 23. Bg3 b6) 23. Bxb7 $18 Rc3 24. Ra1
Nc1 25. g4 Bg6 26. Kf1 Rc2 27. a4 Nb3 28. Rd1 Nd2+ 29. Kg2 Nc4 {[#] aiming for
...Nxe3+.} 30. Kg1 Nd2 $2 (30... Nb2 31. Rd8+ Kh7) 31. Bg3 Nf3+ 32. Kg2 Rc4 33.
Bd6 Kh7 34. Kg3 f5 35. a5 h5 36. gxf5 Bxf5 37. Kf4 g6 38. Bc5 h4 39. Bd5 Rc2
40. Bxe4 Rc4 41. Bd4 Bxe4 42. Kxe4 {Endgame KRB-KRN} Ng5+ 43. Kd5 Rxb4 44. f4
Nf7 45. Ke6 Nd8+ 46. Kd7 Nf7 47. Bf6 Rb5 $2 {[#]} (47... Re4 48. Bd4 a6) 48.
Ke6 {White is clearly winning.} Kg8 49. Rd5 Rb3 50. Bd4 Rb8 51. Rd7 Re8+ 52.
Kf6 {Precision: White = 85%, Black = 37%.} 1-0

[Event "Yingmei Cup CHN-chT 2017"]
[Site "?"]
[Date "2017.05.23"]
[Round "5"]
[White "Huang, Qian"]
[Black "Ding, Yixin"]
[Result "*"]
[WhiteElo "2450"]
[BlackElo "2420"]
[Annotator "TA"]
[PlyCount "25"]
[EventDate "2017.??.??"]
[SourceTitle "Jinhua-Lanxi"]

1. Nf3 g6 2. g3 Bg7 3. Bg2 c5 4. c4 Nc6 5. O-O e6 6. e3 Nge7 {The position is
equal.} 7. d4 {A30: Symmetrical English: Double Fianchetto and Hedgehog} cxd4
8. Nxd4 Nxd4 9. exd4 d5 10. cxd5 Nxd5 {Predecessor:} 11. Nc3 $146 O-O 12. Nxd5
exd5 13. Be3 {1/2-1/2 (13) Vajda,L (2596)-Areshchenko,A (2675) Hungary 2017} *

[Event "Yingmei Cup CHN-chT 2017"]
[Site "?"]
[Date "2017.05.23"]
[Round "5"]
[White "Huang, Qian"]
[Black "Ding, Yixin"]
[Result "1/2-1/2"]
[WhiteElo "2450"]
[BlackElo "2420"]
[Annotator "TA"]
[PlyCount "61"]
[EventDate "2017.??.??"]
[SourceTitle "Jinhua-Lanxi"]

1. Nf3 g6 2. g3 Bg7 3. Bg2 c5 4. c4 Nc6 5. O-O e6 6. e3 Nge7 7. d4 cxd4 8. Nxd4
Nxd4 9. exd4 d5 10. cxd5 Nxd5 11. Nc3 O-O 12. Qb3 Qb6 {A36: Symmetrical
English vs ...g6:4 Bg2 Bg7} (12... Ne7 13. Rd1 Nf5 14. Ne2 Qe7 15. Bf4 g5 16.
Bd2 a5 17. Qb5 Qd8 18. Bc3 Nd6 19. Qd3 Bd7 20. Nc1 {1/2-1/2 (31) Leon Hoyos,M 
(2579)-Kasimdzhanov,R (2684) Istanbul 2012}) 13. Nxd5 exd5 14. Qxb6 axb6 15.
Bxd5 Rd8 16. Re1 Bxd4 ({Weaker is} 16... Rxd5 17. Re8+ Bf8 18. Bh6 Bf5 19. Rxa8
Bc8 20. Rxc8 Rd8 21. Rxd8 Kh8 22. Rxf8#) 17. Bb3 Bf6 18. Be3 Bxb2 $146 19. Bxb6
Bxa1 20. Bxd8 Be6 $1 21. Bxe6 fxe6 22. Rxa1 Rxd8 $11 {Endgame KR-KR} 23. Rb1
Rd7 24. Kg2 h5 {The position is equal.} 25. h4 Kf7 26. a4 Kf6 27. Kf3 Rd4 28.
a5 Rd5 29. Rxb7 {[#] Threatens to win with a6.} Rxa5 30. Rb3 Ra4 31. Ke3 {
Precision: White = 88%, Black = 85%.} 1/2-1/2